• 首页
  • 本馆介绍
  • 公告通知
  • 最新文献
  • 馆藏检索
  • 电子资源
  • 读者导购
  • 参考咨询
  • 我的图书馆
  • 登录
  • 详细信息显示
  • 放入我的书架
  • 预约/预借图书
  • 作者相关作品
  • 分类相关作品
  • 丛书相关作品
  • 出版社相关作品

书目信息

  • 表格格式
  • 工作单格式
  • 卡片格式
题名:
《辩证唯物主义历史唯物主义》自学纲要
    
 
作者: 李恩忠 , 孟宪鹏 编
分册:  
出版信息: 北京   中国展望出版社  1983
页数: 317页
开本: 19cm
丛书名:
单 册:
中图分类: B0
科图分类:
主题词: 哲学理论
电子资源:
ISBN:
000 00705nam0 2200241 45
001 0183005745
005 20070801142656.98
010    @dCNY1.20
091    @a2271.090
100    @a19950620d1983 em y0chiy0121 ea
101 0  @achi
102    @aCN@b110000
105    @ay zq 000yy
200 12 @a《辩证唯物主义历史唯物主义》自学纲要@Abian zheng wei wu zhu yi li shi wei wu zhu yi zi xue gang yao@f孟宪鹏,李恩忠编@FMeng Xian Peng,Li En Zhong Bian
210    @a北京@c中国展望出版社@d1983
215    @a317页@d19cm
606 0  @a哲学理论
690    @aB0@v3
701  0 @a李恩忠@4编
701  0 @a孟宪鹏@4编
801  2 @aCN@bNLC@c20070801
801  0 @aCN@b上海图书馆@c20040507
905    @dB0@e33@f1@b174620
    
    《辩证唯物主义历史唯物主义》自学纲要/孟宪鹏,李恩忠编.-北京:中国展望出版社,1983
    317页;19cm
    
    
    ISBN :CNY1.20
    
●
相关链接 在E读中查询图书 在五车中查询图书 在当当中查询图书 在豆瓣中查询图书


正题名:《辩证唯物主义历史唯物主义》自学纲要     索取号:B0/33         预约/预借

序号 登录号 条形码 馆藏地/架位号 状态 备注
1 0091931   000577842   密集书库/ [索取号:B0/33] 在馆    
2 0091932   001143051   第一借阅区/ [索取号:B0/33] 在馆    
3 0091934   000577833   密集书库/ [索取号:B0/33] 在馆    
4 0091936   001143079   密集书库/ [索取号:B0/33] 在馆    
5 0091937   001143088   密集书库/ [索取号:B0/33] 在馆    
6 0091938   001143097   第一样本阅览室/ [索取号:B0/33] 在馆    
7 0147406   001143060   密集书库/ [索取号:B0/33] 在馆    
8 0147407   001122733   密集书库/ [索取号:B0/33] 在馆    
9 0174619   001122724   密集书库/ [索取号:B0/33] 在馆    
10 0174620   001981109   密集书库/ [索取号:B0/33] 在馆    
11 0174621   001122715   密集书库/ [索取号:B0/33] 在馆    
12 0790390   207903900   密集书库/ [索取号:B0/33] 在馆    
唐山师范学院图书馆 欢迎您!
大连网信软件有限公司© 版权所有